000 00527nam a2200181Ia 4500
999 _c32463
_d32463
003 OSt
005 20200727125512.0
008 190216s9999||||xx |||||||||||||| ||und||
020 _a9780486450216
040 _coclc
082 _a514.72
_bGAU/D
100 _aGauld, David B
_93784
245 0 _aDifferential Topology An Introduction /
_cDavid B Gauld
260 _bDover Publications,
_c2006.
_aNew York:
300 _a241p
650 _aMathematics
942 _cBK
_2ddc
_h514.72
_iGAU/D
_k514.72
_mGAU/D